Statistics for All Blacks Stat Attack 2021

Click here to take the quiz!

General Stats

  • This quiz has been taken 10 times
  • The average score is 15 of 40

Answer Stats

#Name% Correct
1Aaron Smith
67%
2Akira Ioane
67%
4Anton Lienert- Brown
67%
5Ardie Savea
67%
6Beauden Barrett
67%
10Damien McKenzie
67%
12George Bridge
67%
13Hoskins Sotutu
67%
14Jack Goodhue
67%
35Jerome Kaino
67%
15Joe Moody
67%
16Jordie Barrett
67%
24Rieko Ioane
67%
27Scott Barrett
67%
31Will Jordan
67%
32Andrew Mehrtens
33%
3Angus Ta'avao
33%
7Brad Weber
33%
8Caleb Clarke
33%
9Codie Taylor
33%
11Dane Coles
33%
40Ian Foster
33%
18Nepo Laulala
33%
19Ngani Laumape
33%
23Richie Mo'unga
33%
25Sam Cane
33%
26Samuel Whitelock
33%
28Sevu Reese
33%
30TJ Perenara
33%
33Christian Cullen
0%
34Grant Fox
0%
36John Kiriwan
0%
37Jonah Lomu
0%
17Karl Tu' inukuafe
0%
38Ma'a Nonu
0%
20Ofa Tuungafasi
0%
21Patrick Tuipolutu
0%
22Peter Umanga-Jensen
0%
39Sean Fitzpatrick
0%
29Shannon Frizell
0%

Score Distribution

Percentile by Number Answered

Percent of People with Each Score

Your Score History

You have not taken this quiz